[Event "Kobanya op"]
[Site "Kobanya"]
[Date "1996.??.??"]
[Round "6"]
[White "Kerek, Csaba"]
[Black "Tomanovics, Jozsef"]
[Result "1-0"]
[WhiteElo "2190"]
[BlackElo "2310"]
[PlyCount "77"]
[EventDate "1996.??.??"]
[EventType "swiss"]
[EventRounds "9"]
[EventCountry "HUN"]
[SourceTitle "EXT 2004"]
[Source "ChessBase"]
[SourceDate "2003.11.25"]
[SourceVersion "1"]
[SourceVersionDate "2003.11.25"]
[SourceQuality "1"]

1. d4 Nf6 2. c4 e6 3. Nf3 d5 4. g3 Be7 5. Bg2 0-0 6. 0-0 c5 7. cxd5 Nxd5 8. Nc3 Nxc3 9. bxc3 Qa5 10. Qc2 Nc6 11. e4 cxd4 12. cxd4 Bd7 13. Bd2 Bb4 14. Bxb4 Nxb4 15. Qb2 b6 16. Rab1 Na6 17. Ne5 Rad8 18. Rfc1 Be8 19. Bf1 f6 20. Nc4 Qa4 21. Rc3 Nb8 22. Bh3 Bf7 23. e5 Rxd4 24. Nd6 Rd1+ 25. Rxd1 Qxd1+ 26. Bf1 Bg6 27. Rc1 Qf3 28. Be2 Qd5 29. Bc4 Qf3 30. Bxe6+ Kh8 31. exf6 gxf6 32. Qc3 Qxc3 33. Rxc3 Na6 34. Rc8 Kg7 35. Rxf8 Kxf8 36. Nc8 Nc7 37. Bd7 Bf7 38. a3 Be8 39. Bf5 1-0

[Event "Kobanya op"]
[Site "Kobanya"]
[Date "1996.??.??"]
[Round "2"]
[White "Rovid, Kalman"]
[Black "Tomanovics, Jozsef"]
[Result "1/2-1/2"]
[WhiteElo "2360"]
[BlackElo "2310"]
[PlyCount "41"]
[EventDate "1996.??.??"]
[EventType "swiss"]
[EventRounds "9"]
[EventCountry "HUN"]
[SourceTitle "EXT 2004"]
[Source "ChessBase"]
[SourceDate "2003.11.25"]
[SourceVersion "1"]
[SourceVersionDate "2003.11.25"]
[SourceQuality "1"]

1. e4 c6 2. d4 d5 3. e5 Bf5 4. Nc3 e6 5. g4 Bg6 6. Nge2 h6 7. Nf4 Bh7 8. Nh5 a6 9. Be3 Ne7 10. Qd2 Bg6 11. 0-0-0 Nd7 12. Ng3 Qa5 13. f4 b5 14. Qf2 b4 15. Nb1 Be4 16. Nxe4 dxe4 17. Bc4 Nb6 18. Bb3 Ned5 19. f5 Be7 20. h4 0-0-0 21. Rde1 1/2-1/2